000 02037cam a2200337Mi 4500
999 _c4390
_d4390
001 ocn827353759
003 OCoLC
005 20171024164218.0
008 101104r20072005enk f b 001 0 eng d
020 _a9780415436670
020 _a0415436672
029 1 _aUNITY
_b110944011
035 _a(OCoLC)827353759
_z(OCoLC)224896385
_z(OCoLC)948444087
040 _aKIJ
_beng
_cKIJ
_dYDXCP
_dOCLNG
_dLHU
_dOCLCF
_dOCLCO
_dOCLCQ
049 _aTZAA
050 4 _aHV6441
_b.G35
082 0 4 _a364.106
_222
100 _aGaleott, Mark
245 0 0 _aGlobal crime today : the changing face of organised crime
_bthe changing face of organised crime /
_cedited by Mark Galeotti.
260 _aLondon :
_bRoutledge,
_c2007.
300 _av, 166 pages ;
_c24 cm
504 _aIncludes bibliographical references and index.
505 0 _aNorth American organised crime / Jay S. Albanese -- Italian organised crime : Mafia associations and criminal enterprises / Letizia Paoli -- Globalisation and Latin American and Caribbean organised crime / Bruce Bagley -- The Russian 'Mafiya' : consolidation and globalisation / Mark Galeotti -- Organised crime in East Central Europe : the Czech Republic, Hungary and Poland / Kelly Hignett -- Chinese organised crime / Bertil Lintner -- The changing face of the Yakuza / Peter Hill -- State crime : the North Korean drug trade / Raphael F. Perl -- The crime-terror continuum : tracing the interplay between transnational organised crime and terrorism / Tamara Makarenko -- The global dimensions of cybercrime / Peter Grabosky.
520 _a"Crime is recognized as a constant factor within human society, but in the twenty-first century organized crime is emerging as one of the distinctive security threats of the new world order. The more complex, organized and interconnected society becomes, its crime becomes too.
650 0 _aOrganized crime.
650 0 _aGlobalization.
650 7 _aGlobalization.
_2fast
650 7 _aOrganized crime.
_2fast
700 1 _aGaleotti, Mark.
942 _2lcc
_cBOOK